Quiz Without That Most Common Symbol - Statistics

General Stats
  • This quiz has been taken 11 times
  • The average score is 8 of 17
Answer Stats
Hint What it is % Correct
Luanda is its capital Angola
88%
Coastal Ivorian city Abidjan
75%
Malagasy capital on Analamanga hill that honours Andrianjaka Antananarivo
75%
Commonly found upwards on maps North
75%
Walk along horizontally from Sana'a's country Oman
75%
Noah's ark's parking spot Ararat
63%
Long ago not Astana, nor Nur-Sultan was capital, but ... Almaty
50%
Sun shows tardily on this thin African nation that sought to ban tobacco Togo
50%
China was landlord of this city to a kingdom for many orbits of Sun Hong Kong
38%
Initiation of this capital was in Francisco Pizarro's hands Lima
38%
This is not a capital so far, will follow Jakarta though Nusantara
38%
Thomas Sankara was a major politician in this African capital Ouagadougou
38%
Hoxha's administration sat in this capital Tirana
38%
City of antiquity in Tunisia or in York's young sibling Utica
38%
In Brazil this city is as to proximity to Africa on top Natal
25%
Dawson City, known for a gold rush, is on this natural canal, for lack of an apt word Yukon
25%
This subdivision on that Arabian body of liquid hugs Pakistan Gujarat
13%
No matching quizzes found
Score Distribution
Percent of People with Each Score
Percentile by Number Answered
Your Score History
You have not taken this quiz